00544 2200205 4500001002100000005001500021008004100036020002200077035001900099041000700118082001100125090001700136100001300153700002000166245007200186260002800258300002500286500001000311650001700321INLIS00000000000221520241224112509241224||||||||| | ||| |||| || |  a978-602-8800-24-2 0010-1224002215 aid0 a612.65 a612.65 HUS p0 aHusdarta0 aNurlan Kusmaedi00aPertumbuhan Dan Perkembangan Peserta Didik (Olahraga Dan Kesehatan) aBandungbalfabetac2010 aviii,220 hlm.;25 cm. aCet.1 0aBuku Panduan